000 00555nam a2200145Ia 4500
008 151213s9999 xx 000 0 und d
100 _aমাহমুদ শাহ কোরেশী।
245 _aহজ্জ্ব সেরে এসে।
_cমাহমুদ শাহ কোরেশী।
260 _aঢাকা
_bআহমদ পাবলিকেশন্স হাউস।
_c2005
300 _a8834 p.
650 _aBangla
650 _aহজ্জ্ব
700 _aমাহমুদ শাহ কোরেশী।
999 _c4619
_d4619